[Event "SVK-chT1W 2223"]
[Site "Slovakia"]
[Date "2023.02.04"]
[Round "8.7"]
[White "Kutny, Marian"]
[Black "Kuna, Martin"]
[Result "1/2-1/2"]
[WhiteElo "1974"]
[BlackElo "1999"]
[PlyCount "32"]
[EventDate "2022.10.15"]
[EventType "team-tourn"]
[EventRounds "11"]
[EventCountry "SVK"]
[SourceTitle "EXT 2024"]
[Source "ChessBase"]
[SourceDate "2023.10.10"]
[SourceVersion "1"]
[SourceVersionDate "2023.10.10"]
[SourceQuality "1"]
[WhiteTeam "Dubnica nad Vahom II"]
[BlackTeam "Nitra NSK"]
[WhiteTeamCountry "SVK"]
[BlackTeamCountry "SVK"]

1. d4 d5 2. c4 e6 3. Nc3 Nf6 4. Nf3 Be7 5. Bf4 0-0 6. e3 b6 7. Be2 Bb7 8. cxd5 Nxd5 9. Nxd5 Bxd5 10. 0-0 Nd7 11. Rc1 c5 12. dxc5 Nxc5 13. b3 Rc8 14. Bc4 Bxc4 15. Rxc4 Qxd1 16. Rxd1 Rcd8 1/2-1/2

[Event "SVK-chT1W 2122"]
[Site "Slovakia"]
[Date "2022.02.26"]
[Round "3.6"]
[White "Bona, Juraj"]
[Black "Kuna, Martin"]
[Result "0-1"]
[WhiteElo "1862"]
[BlackElo "1981"]
[PlyCount "56"]
[EventDate "2021.11.06"]
[EventType "team-tourn"]
[EventRounds "11"]
[EventCountry "SVK"]
[SourceTitle "EXT 2023"]
[Source "ChessBase"]
[SourceDate "2022.10.05"]
[SourceVersion "1"]
[SourceVersionDate "2022.10.05"]
[SourceQuality "1"]
[WhiteTeam "Batorove Kosihy"]
[BlackTeam "Nitra NSK"]
[WhiteTeamCountry "SVK"]
[BlackTeamCountry "SVK"]

1. e4 c5 2. c3 Nf6 3. e5 Nd5 4. Bc4 Nb6 5. Bb3 c4 6. Bc2 g6 7. f4 Bg7 8. Nf3 d6 9. 0-0 0-0 10. b3 Nc6 11. bxc4 dxe5 12. fxe5 Nxe5 13. Nxe5 Bxe5 14. d4 Bg7 15. Qe2 Qc7 16. Bb3 Be6 17. Bf4 Bxc4 18. Bxc7 Bxe2 19. Re1 Bc4 20. Bxb6 Bxb3 21. Bc5 Bd5 22. Nd2 b6 23. Bxe7 Rfc8 24. Rac1 Bh6 25. Re2 Bc4 26. Nxc4 Bxc1 27. Rc2 Rxc4 28. Rxc1 Rac8 0-1

[Event "SVK-chT1W 2122"]
[Site "Slovakia"]
[Date "2022.02.13"]
[Round "7.7"]
[White "Kuna, Martin"]
[Black "Sosovickova, Jana"]
[Result "1/2-1/2"]
[WhiteElo "1981"]
[BlackElo "1855"]
[PlyCount "70"]
[EventDate "2021.11.06"]
[EventType "team-tourn"]
[EventRounds "11"]
[EventCountry "SVK"]
[SourceTitle "EXT 2023"]
[Source "ChessBase"]
[SourceDate "2022.10.05"]
[SourceVersion "1"]
[SourceVersionDate "2022.10.05"]
[SourceQuality "1"]
[WhiteTeam "Nitra NSK"]
[BlackTeam "Dubnica nad Vahom II"]
[WhiteTeamCountry "SVK"]
[BlackTeamCountry "SVK"]

1. e4 e5 2. Nf3 Nc6 3. Bb5 a6 4. Ba4 Nf6 5. d3 b5 6. Bb3 Bc5 7. 0-0 0-0 8. Nbd2 d6 9. c3 Bb6 10. h3 Na5 11. Bc2 c5 12. Re1 Nc6 13. Nf1 h6 14. Ng3 Be6 15. Nh4 d5 16. Qf3 dxe4 17. dxe4 Nh7 18. Nhf5 Kh8 19. Rd1 Qc7 20. Qh5 Bxf5 21. Qxf5 Rad8 22. Be3 Ne7 23. Qf3 f6 24. Qe2 c4 25. a4 Nc8 26. Nf5 Bxe3 27. Nxe3 Ne7 28. Nd5 Nxd5 29. exd5 f5 30. axb5 axb5 31. Ra6 e4 32. d6 Qb7 33. Rda1 Rf6 34. Qd2 Ng5 35. Ra7 Qc6 1/2-1/2

[Event "SVK-chT1W 1920"]
[Site "Slovakia"]
[Date "2019.12.07"]
[Round "5.8"]
[White "Gzib, David"]
[Black "Kuna, Martin"]
[Result "1-0"]
[WhiteElo "2011"]
[BlackElo "1958"]
[PlyCount "57"]
[EventDate "2019.10.12"]
[EventType "team-tourn"]
[EventRounds "11"]
[EventCountry "SVK"]
[SourceTitle "CBM 193 Extra"]
[Source "ChessBase"]
[SourceDate "2020.01.31"]
[SourceVersion "1"]
[SourceVersionDate "2020.01.31"]
[SourceQuality "1"]
[WhiteTeam "Osuske"]
[BlackTeam "Nitra NSK"]
[WhiteTeamCountry "SVK"]
[BlackTeamCountry "SVK"]

1. e4 c5 2. Nf3 d6 3. d4 cxd4 4. Nxd4 Nf6 5. Nc3 a6 6. Bg5 e6 7. f4 Be7 8. Qf3 Nbd7 9. g4 Qc7 10. 0-0-0 b5 11. Bxf6 Nxf6 12. g5 Nd7 13. Bg2 Bb7 14. h4 Rc8 15. Rd2 Nc5 16. Qe3 b4 17. Nce2 a5 18. f5 e5 19. Nb3 a4 20. Nxc5 dxc5 21. f6 gxf6 22. gxf6 Bxf6 23. Qh6 Qe7 24. Bh3 Rd8 25. Rxd8+ Qxd8 26. Rd1 Qb6 27. Bd7+ Ke7 28. Ng3 Kd8 29. Bc6+ 1-0

[Event "SVK-chT1W 1920"]
[Site "Slovakia"]
[Date "2019.11.10"]
[Round "4.7"]
[White "Kuna, Martin"]
[Black "Voros, Gellert"]
[Result "0-1"]
[WhiteElo "1958"]
[BlackElo "2164"]
[PlyCount "78"]
[EventDate "2019.10.12"]
[EventType "team-tourn"]
[EventRounds "11"]
[EventCountry "SVK"]
[SourceTitle "CBM 193 Extra"]
[Source "ChessBase"]
[SourceDate "2020.01.31"]
[SourceVersion "1"]
[SourceVersionDate "2020.01.31"]
[SourceQuality "1"]
[WhiteTeam "Nitra NSK"]
[BlackTeam "Komarno"]
[WhiteTeamCountry "SVK"]
[BlackTeamCountry "SVK"]

1. e4 e5 2. Nf3 Nc6 3. Bb5 a6 4. Ba4 Nf6 5. d3 Bc5 6. 0-0 b5 7. Bb3 d6 8. c3 Bg4 9. Nbd2 0-0 10. h3 Bd7 11. Re1 Bb6 12. Nf1 Ne7 13. Nh4 c5 14. g4 Bc6 15. Ng3 Ng6 16. Nhf5 d5 17. g5 Ne8 18. exd5 Bxd5 19. Bxd5 Qxd5 20. h4 Ra7 21. Nh5 Bd8 22. Qg4 Qe6 23. Re4 Ne7 24. Nxe7+ Qxe7 25. d4 f5 26. gxf6 Nxf6 27. Nxf6+ Qxf6 28. Be3 exd4 29. cxd4 c4 30. d5 Raf7 31. Bc5 Be7 32. Rxe7 Rxe7 33. Bxe7 Qxe7 34. Rd1 Rd8 35. Rd4 Qe5 36. Qg5 Qxg5+ 37. hxg5 Kf7 38. f4 Ke7 39. Kf2 Kd6 0-1

[Event "Skalica op"]
[Site "Skalica"]
[Date "2019.08.31"]
[Round "9"]
[White "Kuna, Martin"]
[Black "Chan, Naruna"]
[Result "1/2-1/2"]
[WhiteElo "1969"]
[BlackElo "1950"]
[PlyCount "53"]
[EventDate "2019.08.25"]
[EventType "swiss"]
[EventRounds "9"]
[EventCountry "SVK"]
[SourceTitle "EXT 2020"]
[Source "ChessBase"]
[SourceDate "2019.10.17"]
[SourceVersion "1"]
[SourceVersionDate "2019.10.17"]
[SourceQuality "1"]

1. e4 c5 2. Nf3 Nc6 3. d4 cxd4 4. Nxd4 e5 5. Nb5 d6 6. c4 Be7 7. N1c3 a6 8. Na3 Be6 9. Nc2 Bg5 10. Bd3 Bxc1 11. Rxc1 Nf6 12. 0-0 0-0 13. Nd5 Rc8 14. Nce3 Nd4 15. Qd2 Nh5 16. Nc2 Nxc2 17. Rxc2 Bxd5 18. exd5 f5 19. b4 Nf4 20. g3 Ng6 21. Rfc1 Kh8 22. c5 dxc5 23. Rxc5 Rxc5 24. Rxc5 b6 25. Rc2 Qxd5 26. Bxa6 Qa8 27. Be2 1/2-1/2

[Event "Skalica op"]
[Site "Skalica"]
[Date "2019.08.28"]
[Round "5"]
[White "Khmelev, Mikhail"]
[Black "Kuna, Martin"]
[Result "1-0"]
[WhiteElo "2021"]
[BlackElo "1969"]
[PlyCount "87"]
[EventDate "2019.08.25"]
[EventType "swiss"]
[EventRounds "9"]
[EventCountry "SVK"]
[SourceTitle "EXT 2020"]
[Source "ChessBase"]
[SourceDate "2019.10.17"]
[SourceVersion "1"]
[SourceVersionDate "2019.10.17"]
[SourceQuality "1"]

1. e4 c5 2. Nf3 Nc6 3. d4 cxd4 4. Nxd4 g6 5. c4 Nf6 6. Nc3 d6 7. Be2 Nxd4 8. Qxd4 Bg7 9. 0-0 0-0 10. Bg5 Be6 11. Rad1 Qa5 12. Qd2 Rfc8 13. b3 a6 14. Bxf6 Bxf6 15. Nd5 Qxd2 16. Nxf6+ exf6 17. Rxd2 Rc6 18. Rfd1 Rd8 19. f4 Kf8 20. e5 fxe5 21. fxe5 Rdc8 22. exd6 Bd7 23. Bf3 Rb6 24. Rd3 Bc6 25. Kf2 Rd8 26. R1d2 Bxf3 27. Kxf3 Rc6 28. Rd5 b6 29. a4 a5 30. d7 Ke7 31. Re2+ Kf8 32. Kf4 h6 33. g4 Rc7 34. Rd6 Rb7 35. Red2 Ke7 36. Ke5 Rbb8 37. h4 Rb7 38. g5 h5 39. R2d3 Rbb8 40. Rf6 Rb7 41. Rdf3 Rf8 42. Rxf7+ Rxf7 43. Rxf7+ Kd8 44. Kd6 1-0

[Event "SVK-chT1W 1819"]
[Site "Slovakia"]
[Date "2019.03.17"]
[Round "11.8"]
[White "Kuna, Martin"]
[Black "Chlpek, Daniel"]
[Result "1-0"]
[WhiteElo "1952"]
[BlackElo "1921"]
[PlyCount "47"]
[EventDate "2018.10.27"]
[EventType "team-tourn"]
[EventRounds "11"]
[EventCountry "SVK"]
[SourceTitle "CBM 189 Extra"]
[Source "ChessBase"]
[SourceDate "2019.06.03"]
[SourceVersion "1"]
[SourceVersionDate "2019.06.03"]
[SourceQuality "1"]
[WhiteTeam "Nitra NSK"]
[BlackTeam "Bratislava Slovan III"]
[WhiteTeamCountry "SVK"]
[BlackTeamCountry "SVK"]

1. d4 Nf6 2. Bf4 e6 3. e3 b6 4. Nd2 Bb7 5. Ngf3 Be7 6. h3 c5 7. c3 d6 8. Bb5+ Bc6 9. Bxc6+ Nxc6 10. dxc5 bxc5 11. Nc4 e5 12. Bg5 Qd7 13. Bxf6 gxf6 14. Qd5 f5 15. g4 fxg4 16. hxg4 0-0-0 17. b4 e4 18. Nfd2 cxb4 19. cxb4 Kb8 20. Na5 Nxa5 21. bxa5 a6 22. Rb1+ Ka7 23. Qd4+ Ka8 24. Nc4 1-0

[Event "SVK-chT1W 1819"]
[Site "Slovakia"]
[Date "2018.11.25"]
[Round "4.7"]
[White "Kuna, Martin"]
[Black "Meszaros, Norbert"]
[Result "0-1"]
[WhiteElo "1952"]
[BlackElo "2111"]
[PlyCount "89"]
[EventDate "2018.10.27"]
[EventType "team-tourn"]
[EventRounds "11"]
[EventCountry "SVK"]
[SourceTitle "CBM 187 Extra"]
[Source "ChessBase"]
[SourceDate "2018.11.04"]
[SourceVersion "1"]
[SourceVersionDate "2018.11.04"]
[SourceQuality "1"]
[WhiteTeam "Nitra NSK"]
[BlackTeam "Bratislava Lokomotiva"]
[WhiteTeamCountry "SVK"]
[BlackTeamCountry "SVK"]

1. e4 c5 2. Nf3 e6 3. d4 cxd4 4. Nxd4 a6 5. Bd3 Nf6 6. 0-0 Qc7 7. Qe2 d6 8. c4 Be7 9. Nc3 Nc6 10. Nxc6 bxc6 11. f4 Nd7 12. g4 Bf6 13. Be3 c5 14. Rae1 Bb7 15. g5 Bd4 16. Bxd4 cxd4 17. Nd5 Qd8 18. Qf2 exd5 19. exd5+ Kf8 20. Qxd4 Qb6 21. Qxb6 Nxb6 22. Re3 Re8 23. Rfe1 Rxe3 24. Rxe3 g6 25. Be2 Bc8 26. b4 h6 27. Rc3 hxg5 28. fxg5 Rh3 29. Rc2 Bf5 30. Rc1 Ra3 31. c5 dxc5 32. bxc5 Nxd5 33. c6 Nc7 34. Bc4 Ke7 35. Bb3 Ra5 36. h4 Be6 37. Kf2 Bxb3 38. axb3 Kd6 39. Ke3 Re5+ 40. Kd3 Rd5+ 41. Ke4 Rc5 42. Rf1 Ke7 43. Rf6 Ne6 44. Kd3 Rxc6 45. Ke4 0-1

[Event "SVK-ch U18/20"]
[Site "Liptovsky Mikulas"]
[Date "2018.04.23"]
[Round "4"]
[White "Sivcak, Matej"]
[Black "Kuna, Martin"]
[Result "1-0"]
[WhiteElo "1802"]
[BlackElo "1922"]
[PlyCount "87"]
[EventDate "2018.04.21"]
[EventType "swiss"]
[EventRounds "9"]
[EventCountry "SVK"]
[SourceTitle "CBM 184 Extra"]
[Source "ChessBase"]
[SourceDate "2018.06.28"]
[SourceVersion "1"]
[SourceVersionDate "2018.06.28"]
[SourceQuality "1"]

1. e4 c5 2. Nf3 d6 3. d4 cxd4 4. Nxd4 Nf6 5. Nc3 a6 6. h3 e6 7. g4 h6 8. Bg2 Nbd7 9. a4 Qc7 10. 0-0 e5 11. Nf5 b6 12. h4 Bb7 13. g5 hxg5 14. hxg5 Nh5 15. Nd5 Bxd5 16. Qxd5 Rc8 17. Rd1 Qc6 18. Nxd6+ Bxd6 19. Qxd6 Qxd6 20. Rxd6 Ke7 21. Rxd7+ Kxd7 22. Bh3+ Kd6 23. Bxc8 Rxc8 24. c3 Kc6 25. Kf1 Rd8 26. Ke2 Rd6 27. Be3 Nf4+ 28. Bxf4 exf4 29. Rd1 Rg6 30. Kf3 Rxg5 31. Kxf4 Ra5 32. b3 b5 33. e5 bxa4 34. Rd6+ Kb5 35. b4 a3 36. bxa5 Kc4 37. Rd1 Kxc3 38. e6 fxe6 39. Ke5 Kc2 40. Rh1 a2 41. Kxe6 Kb2 42. f4 a1Q 43. Rxa1 Kxa1 44. Kf7 1-0

[Event "SVK-chT2B 1718"]
[Site "Slovakia"]
[Date "2018.02.24"]
[Round "8.7"]
[White "Kuna, Martin"]
[Black "Sofer, Jozef"]
[Result "1-0"]
[WhiteElo "1874"]
[BlackElo "1474"]
[PlyCount "63"]
[EventDate "2017.10.28"]
[EventType "team-tourn"]
[EventRounds "11"]
[EventCountry "SVK"]
[SourceTitle "EXT 2019"]
[Source "ChessBase"]
[SourceDate "2018.10.10"]
[SourceVersion "1"]
[SourceVersionDate "2018.10.10"]
[SourceQuality "1"]
[WhiteTeam "Tlmace"]
[BlackTeam "Trencin"]
[WhiteTeamCountry "SVK"]
[BlackTeamCountry "SVK"]

1. e4 e6 2. d4 d5 3. Nd2 Nf6 4. e5 Nfd7 5. Bd3 c5 6. c3 Nc6 7. Ne2 Qb6 8. Nf3 cxd4 9. cxd4 Bb4+ 10. Bd2 Bxd2+ 11. Qxd2 Qb4 12. a3 Qxd2+ 13. Nxd2 0-0 14. Rc1 f6 15. f4 fxe5 16. fxe5 Nb6 17. Rf1 Bd7 18. Rxf8+ Rxf8 19. b4 a6 20. Nb3 Na4 21. Nc5 Nxc5 22. bxc5 g5 23. Rb1 Bc8 24. Rb6 Ne7 25. Rd6 Nf5 26. Bxf5 Rxf5 27. Ng3 Rf7 28. Nh5 h6 29. Nf6+ Kg7 30. Rd8 Rf8 31. Ne8+ Kf7 32. Nd6+ 1-0

[Event "SVK-ch U18/20"]
[Site "Liptovsky Mikulas"]
[Date "2017.04.25"]
[Round "6"]
[White "Joba, Arpad"]
[Black "Kuna, Martin"]
[Result "1-0"]
[WhiteElo "2037"]
[BlackElo "1976"]
[PlyCount "75"]
[EventDate "2017.04.22"]
[EventType "swiss"]
[EventRounds "9"]
[EventCountry "SVK"]
[SourceTitle "CBM 178 Extra"]
[Source "ChessBase"]
[SourceDate "2017.06.22"]
[SourceVersion "1"]
[SourceVersionDate "2017.06.22"]
[SourceQuality "1"]

1. Nf3 d5 2. g3 Nf6 3. Bg2 Bf5 4. 0-0 e6 5. d3 Be7 6. Nbd2 0-0 7. c4 c6 8. h3 h6 9. a3 Nbd7 10. b4 a6 11. Bb2 Rc8 12. Re1 b5 13. c5 a5 14. e4 Bh7 15. e5 Ne8 16. Nb3 a4 17. Nbd4 Nb8 18. Nh2 Qd7 19. f4 Nc7 20. Ra2 Rce8 21. Ng4 Bg6 22. Ba1 Bh5 23. Nxh6+ gxh6 24. Qxh5 Kh7 25. f5 exf5 26. Nxf5 Bg5 27. Nd6 Re6 28. h4 Rg6 29. hxg5 Rxg5 30. Qf3 Ne6 31. Rf2 Rg7 32. d4 Ng5 33. Qf5+ Kh8 34. Qxd7 Nxd7 35. Bb2 Ne6 36. Re3 Kh7 37. Bh3 Kg8 38. Nxf7 1-0

[Event "SVK-ch U18/20"]
[Site "Liptovsky Mikulas"]
[Date "2017.04.23"]
[Round "3"]
[White "Kuna, Martin"]
[Black "Starovic, Martin"]
[Result "1-0"]
[WhiteElo "1976"]
[BlackElo "1825"]
[PlyCount "67"]
[EventDate "2017.04.22"]
[EventType "swiss"]
[EventRounds "9"]
[EventCountry "SVK"]
[SourceTitle "CBM 178 Extra"]
[Source "ChessBase"]
[SourceDate "2017.06.22"]
[SourceVersion "1"]
[SourceVersionDate "2017.06.22"]
[SourceQuality "1"]

1. c4 c5 2. Nc3 Nc6 3. g3 g6 4. Bg2 Bg7 5. Nf3 Nf6 6. 0-0 0-0 7. d4 cxd4 8. Nxd4 Qb6 9. Nb3 d6 10. Be3 Qa6 11. c5 Rd8 12. Qc1 d5 13. Rd1 e6 14. Bg5 Qc4 15. e4 d4 16. Bf1 Qb4 17. Nb5 e5 18. Nc7 Bg4 19. Rd3 Rac8 20. Nd5 Rxd5 21. exd5 Nxd5 22. Nd2 Na5 23. a3 Qxc5 24. Qxc5 Rxc5 25. b4 f5 26. bxc5 e4 27. Rb3 Nxb3 28. Nxb3 d3 29. Rc1 Nc3 30. Bd2 Ne2+ 31. Bxe2 dxe2 32. Re1 h6 33. Nc1 g5 34. Nxe2 1-0

[Event "SVK-ch U18/20"]
[Site "Liptovsky Mikulas"]
[Date "2017.04.22"]
[Round "1"]
[White "Kuna, Martin"]
[Black "Jablonicky, Martin"]
[Result "0-1"]
[WhiteElo "1976"]
[BlackElo "2306"]
[PlyCount "48"]
[EventDate "2017.04.22"]
[EventType "swiss"]
[EventRounds "9"]
[EventCountry "SVK"]
[SourceTitle "CBM 178 Extra"]
[Source "ChessBase"]
[SourceDate "2017.06.22"]
[SourceVersion "1"]
[SourceVersionDate "2017.06.22"]
[SourceQuality "1"]

1. e4 c5 2. Nc3 g6 3. g3 Bg7 4. Bg2 Nc6 5. d3 d6 6. Be3 Nf6 7. Qd2 Nd4 8. Nd1 e5 9. c3 Nc6 10. Bh6 0-0 11. Bxg7 Kxg7 12. Ne2 d5 13. exd5 Nxd5 14. Ne3 Be6 15. 0-0 f5 16. Rfd1 f4 17. Nxd5 Bxd5 18. Bxd5 Qxd5 19. gxf4 exf4 20. Nxf4 Qf5 21. Ng2 Ne5 22. Qe2 Nf3+ 23. Kh1 Rae8 24. Qf1 Qh3 0-1

[Event "SVK-chT2B 1617"]
[Site "Slovakia"]
[Date "2017.02.12"]
[Round "9.6"]
[White "Kuna, Martin"]
[Black "Voros, Gellert"]
[Result "1/2-1/2"]
[WhiteElo "1885"]
[BlackElo "2122"]
[PlyCount "91"]
[EventDate "2016.10.08"]
[EventType "team-tourn"]
[EventRounds "11"]
[EventCountry "SVK"]
[SourceTitle "EXT 2018"]
[Source "ChessBase"]
[SourceDate "2017.10.13"]
[SourceVersion "1"]
[SourceVersionDate "2017.10.13"]
[SourceQuality "1"]
[WhiteTeam "Tlmace"]
[BlackTeam "Komarno"]
[WhiteTeamCountry "SVK"]
[BlackTeamCountry "SVK"]

1. e4 e5 2. Nf3 Nc6 3. Bb5 a6 4. Ba4 Nf6 5. d3 Bc5 6. 0-0 d6 7. c3 b5 8. Bc2 Bg4 9. h3 Bh5 10. Re1 h6 11. Nbd2 0-0 12. Nf1 d5 13. Ng3 Bg6 14. Qe2 d4 15. Nh4 dxc3 16. bxc3 b4 17. Ba4 Ne7 18. Bb2 bxc3 19. Bxc3 Bd4 20. Bxd4 Qxd4 21. Bb3 Rad8 22. Bc4 Qd6 23. Ngf5 Bxf5 24. Nxf5 Nxf5 25. exf5 Rfe8 26. Qf3 a5 27. Rab1 Rb8 28. g4 Rb4 29. Rxb4 Qxb4 30. Kf1 e4 31. Qf4 exd3 32. Rxe8+ Nxe8 33. Qe4 Nd6 34. Qa8+ Kh7 35. Bxd3 Qd4 36. Ke2 Qe5+ 37. Kf3 Qd4 38. Be4 Qc3+ 39. Kg2 Qe1 40. Bc2 Qc3 41. Be4 Qc4 42. Bd5 Qc5 43. Be4 Qd4 44. Kf3 Qc3+ 45. Kg2 Qd4 46. Kf3 1/2-1/2

[Event "SVK-chT2B 1617"]
[Site "Slovakia"]
[Date "2016.12.03"]
[Round "5.7"]
[White "Kuna, Martin"]
[Black "Svonavec, Stefan"]
[Result "1-0"]
[WhiteElo "1885"]
[BlackElo "1985"]
[PlyCount "79"]
[EventDate "2016.10.08"]
[EventType "team-tourn"]
[EventRounds "11"]
[EventCountry "SVK"]
[SourceTitle "EXT 2018"]
[Source "ChessBase"]
[SourceDate "2017.10.13"]
[SourceVersion "1"]
[SourceVersionDate "2017.10.13"]
[SourceQuality "1"]
[WhiteTeam "Tlmace"]
[BlackTeam "Levice"]
[WhiteTeamCountry "SVK"]
[BlackTeamCountry "SVK"]

1. e4 c5 2. Nf3 d6 3. d4 cxd4 4. Nxd4 Nf6 5. Nc3 a6 6. Be3 e5 7. Nb3 Be6 8. Qd2 Ng4 9. Bg5 f6 10. Bh4 g5 11. Bg3 h5 12. h3 Nh6 13. f3 h4 14. Bf2 Nd7 15. 0-0-0 Qc7 16. Nd5 Bxd5 17. Qxd5 Rc8 18. c3 b5 19. Kb1 Be7 20. Rc1 Qc6 21. Qxc6 Rxc6 22. c4 bxc4 23. Bxc4 Nb8 24. Na5 Rc8 25. Be6 Rxc1+ 26. Rxc1 Bd8 27. Rc8 Ke7 28. Bc4 Rf8 29. Rxb8 Bxa5 30. Rxf8 Kxf8 31. Bxa6 Nf7 32. Bc4 Nd8 33. Bd5 Ke7 34. Kc2 Kd7 35. Kd3 Ne6 36. Bxe6+ Kxe6 37. Kc4 f5 38. b4 Bc7 39. a4 Bd8 40. a5 1-0